000 00586nam a2200193 4500
001 VA44289
003 ES-SlBCS
005 20210601155919.0
008 140520s1971 xxu||||| |||| 00| 0 spa d
041 _aspa
100 1 _aLegrand, Louis
_953518
245 1 0 _aPsicología aplicada a la educación intelectual
_cLouis Legrand;Diorki
260 _aMadrid :
_bStudium
_c, 1971
300 _a190 p.;
_c21 cm
500 _aTít. orig.: Psychologie applicée a l'éducation intelectuelle
650 0 4 _aPsicología-Educación Intelectual
_9385232
700 1 _aDiorki
_921362
942 _cBK
999 _c823384
_d823384